[Event "XXX Open"]
[Site "Seville ESP"]
[Date "2005.01.08"]
[Round "2"]
[White "Garcia Cava,J"]
[Black "Mirzoev,A"]
[Result "0-1"]
[WhiteElo "2099"]
[BlackElo "2513"]

1.e4 c5 2.Nf3 e6 3.d4 cxd4 4.Nxd4 a6 5.Nc3 b5 6.Bd3 Bb7 7.Be3 Nc6 8.Qd2 Qc7
9.Nxc6 Bxc6 10.O-O Nf6 11.a3 Ng4 12.Bf4 Ne5 13.Bg3 Be7 14.Rae1 f6 15.f4 Nxd3
16.cxd3 O-O 17.Qe2 b4 18.axb4 Bxb4 19.Qh5 Qa5 20.Qg4 Bxc3 21.bxc3 Qxc3 22.f5 e5
23.Rf3 Rf7 24.Bf2 Qd2 25.Rh3 Rb8 26.Qh5 h6 27.Rg3 Rb3 28.Rd1 Qc2 29.h4 Bb5
30.Be3 Rxd3 31.Rc1 Qxc1+ 32.Bxc1 Rxg3 33.Qd1 Rd3 34.Qc2 d5 35.exd5 Rxd5 36.Qc8+ Kh7
37.Qe6 Bc4 38.Kh2 Rd4 39.Qe8 Rxh4+ 40.Kg3 Rd4 41.Kh3 a5 42.Qa4 Bd3 43.Qxa5 Bxf5+
44.Kg3 Rg4+ 45.Kf2 Be4 46.g3 Rb7 47.Qc3 Ra7 48.Bb2 Rd7 49.Qc8 Bf5 50.Qb8 Rd2+  0-1

[Event "XXX Open"]
[Site "Seville ESP"]
[Date "2005.01.08"]
[Round "2"]
[White "Fernandez Romero,Ern"]
[Black "Valencia Gomez,J"]
[Result "1-0"]
[WhiteElo "2471"]
[BlackElo "2061"]

1.e4 c5 2.Nf3 e6 3.d4 cxd4 4.Nxd4 a6 5.Nc3 Qc7 6.g3 Nf6 7.Bg2 Bb4 8.Ne2 Be7
9.O-O O-O 10.h3 d6 11.a4 Bd7 12.g4 Bc6 13.Nd4 Re8 14.Be3 e5 15.Nf5 Bf8 16.g5 Nfd7
17.b4 g6 18.Ng3 f5 19.gxf6 Nxf6 20.Qd2 b6 21.f4 Bh6 22.fxe5  1-0

[Event "Keres Mem Rapid w"]
[Site "Tallinn EST"]
[Date "2005.01.09"]
[Round "4"]
[White "Narva,R"]
[Black "Sarakauskiene,Z"]
[Result "0-1"]
[WhiteElo "2076"]
[BlackElo "2183"]

1.e4 c5 2.Nf3 e6 3.d4 cxd4 4.Nxd4 a6 5.Nc3 Qc7 6.g3 b5 7.a3 Bb7 8.Bg2 Nf6
9.O-O Bc5 10.Nde2 O-O 11.h3 Nc6 12.Kh2 d6 13.f4 Rad8 14.g4 Ne7 15.Ng3 e5
16.f5 d5 17.g5 Nxe4 18.Ncxe4 dxe4 19.Qh5 e3 20.f6 Ng6 21.fxg7 Kxg7 22.Bxb7 Qxb7
23.Nf5+ Kh8 24.Bxe3 Bxe3 25.Nxe3 Rd2+ 26.Kg1 Nf4 27.Qf3 Qe7 28.h4 f6 29.Rad1 Rxd1
30.Rxd1 fxg5 31.Kh1 Ng6 32.Qh3 Nf4 33.Qg4 Rd8 34.Rg1 Rg8 35.hxg5 Qb7+ 36.Kh2 Qe4
37.Rg3 Qd4 38.Qe6 Nxe6  0-1

[Event "XXX Open"]
[Site "Seville ESP"]
[Date "2005.01.10"]
[Round "4"]
[White "Parligras,M"]
[Black "Melero Fidalgo,J"]
[Result "1-0"]
[WhiteElo "2559"]
[BlackElo "2202"]

1.e4 c5 2.Nf3 e6 3.d4 cxd4 4.Nxd4 a6 5.Nc3 b5 6.Bd3 Bb7 7.O-O Qb6 8.Be3 Bc5
9.Qg4 Ne7 10.Nce2 Ng6 11.b4 Bxb4 12.Nxb5 Bc5 13.Nbd4 d6 14.Rab1 Qc7 15.e5 Nd7
16.Nxe6 fxe6 17.Qxe6+ Kd8 18.exd6 Qc6 19.Rxb7 Qxb7 20.Be4 Qa7 21.Bxa8 Qxa8
22.Bxc5 Nxc5 23.Qc4 Qc8 24.Nd4 Re8 25.d7 Kxd7 26.Qd5+ Ke7 27.Nf5+ Kf8 28.Nd6 Qc7
29.Nxe8 Kxe8 30.Re1+  1-0

[Event "Extraliga CZE 2004-5"]
[Site "Czech Rep CZE"]
[Date "2005.01.15"]
[Round "5"]
[White "Sluka,R"]
[Black "David,P"]
[Result "1/2-1/2"]
[WhiteElo "2334"]
[BlackElo "2421"]

1.e4 c5 2.Nf3 e6 3.d4 cxd4 4.Nxd4 a6 5.Nc3 Qc7 6.Bd3 Bc5 7.Nb3 Be7 8.O-O d6
9.a4 b6 10.a5 b5 11.f4 Nd7 12.e5 dxe5 13.fxe5 Nxe5 14.Be4 Bb7 15.Bf4 Bxe4
16.Nxe4 Nf6 17.Qd4 Qa7 18.Qxa7 Rxa7 19.Bxe5 Nxe4 20.Bxg7 Rg8 21.Bd4 Rd7 22.Rad1 Rg5  1/2-1/2

[Event "TCh-SWE Elitserien 2004-5"]
[Site "Sweden SWE"]
[Date "2005.01.15"]
[Round "6"]
[White "Andersson,J"]
[Black "Eriksson,Mag1"]
[Result "1/2-1/2"]
[WhiteElo "2150"]
[BlackElo "2338"]

1.e4 c5 2.Nf3 e6 3.Nc3 a6 4.d4 cxd4 5.Nxd4 Qc7 6.g3 Nf6 7.Bg2 d6 8.O-O Be7
9.a4 O-O 10.f4 Nc6 11.Nb3 Nd7 12.Be3 b6 13.g4 Bb7 14.g5 Rfe8 15.Qd2 Bf8 16.Qf2 Nb4
17.Rad1 Rac8 18.Rd2 Qb8 19.Bxb6 Ba8 20.Ba7 Qb7 21.Na5 Qc7 22.Nb3 Qb7 23.Na5 Qc7
24.Nb3  1/2-1/2

[Event "Open"]
[Site "Prague CZE"]
[Date "2005.01.16"]
[Round "4"]
[White "Cernousek,L"]
[Black "Zakhartsov,V"]
[Result "1-0"]
[WhiteElo "2321"]
[BlackElo "2529"]

1.e4 c5 2.Nf3 e6 3.d4 cxd4 4.Nxd4 a6 5.Nc3 b5 6.Bd3 Qb6 7.Be3 Bc5 8.Be2 Nc6
9.Nxc6 dxc6 10.Bxc5 Qxc5 11.Qd3 Nf6 12.f4 e5 13.f5 Ra7 14.O-O-O O-O 15.g4 Rd7
16.Qf3 Rfd8 17.g5 Rxd1+ 18.Nxd1 Ne8 19.Ne3 Rd4 20.Kb1 Qe7 21.c3 Rd6 22.Rg1 f6
23.h4 Bb7 24.Qh5 c5 25.Qg4 c4 26.Bd1 Rd3 27.Re1 Bc6 28.Bc2 Rd2 29.Nf1 Rf2
30.Qg3 Rf4 31.Ne3 Qc5 32.Ng4 fxg5 33.hxg5 Qe7 34.f6 Qe6 35.Ne3 g6 36.Ng2 Qg4
37.Qh2 Rf2 38.Ne3 Qf4  1-0

[Event "Open"]
[Site "Prague CZE"]
[Date "2005.01.19"]
[Round "7"]
[White "Cernousek,L"]
[Black "Siebrecht,S"]
[Result "1-0"]
[WhiteElo "2321"]
[BlackElo "2408"]

1.e4 c5 2.Nf3 e6 3.d4 cxd4 4.Nxd4 a6 5.Nc3 Qc7 6.Bd3 Nf6 7.O-O Nc6 8.Be3 h5
9.h3 Bd6 10.Nxc6 Qxc6 11.f4 Bc5 12.Qe2 d6 13.e5 dxe5 14.fxe5 Nd5 15.Nxd5 exd5
16.Qf2 Bxe3 17.Qxe3 Be6 18.Qg5 g6 19.Kh2 Qc5 20.Rad1 Qe7 21.Qe3 O-O-O 22.Rf4 Kb8
23.c3 Rc8 24.Rb4 Rc6 25.Be2 Rd8 26.Rbd4 Qc7 27.c4 Qb6 28.Qd2 Rdc8 29.cxd5 Rc2
30.Qe1 Qxb2 31.Bf3 Bf5 32.d6 R8c3 33.R4d2 Qa3 34.Be4 Rxd2 35.Qxd2 Bd7 36.Rb1 b5
37.Qd5 Bc6 38.d7  1-0

[Event "Open"]
[Site "Geneva SUI"]
[Date "2005.01.23"]
[Round "2"]
[White "Astengo,C"]
[Black "Reuther,G"]
[Result "1-0"]
[WhiteElo "2139"]
[BlackElo "1878"]

1.e4 c5 2.Nf3 e6 3.d4 cxd4 4.Nxd4 a6 5.Nc3 Nc6 6.Be3 Nf6 7.Bd3 Bb4 8.O-O Bxc3
9.bxc3 O-O 10.f4 d5 11.e5 Ne4 12.c4 f5 13.exf6 Qxf6 14.Nxc6 bxc6 15.Bxe4 dxe4
16.Qd6 e5 17.fxe5 Qxd6 18.exd6 Be6 19.Rfd1 Bd7 20.Rab1 h6 21.Rd4 Rae8 22.Rb6 a5
23.Ra6 a4 24.c5 Re5 25.Rdxa4 Ref5 26.h3 Rf1+ 27.Kh2 Re1 28.Rxe4 Bf5 29.Re7 Bxc2
30.Raa7 Rd1 31.Rxg7+ Kh8 32.Bxh6 Rg8 33.Rxg8+ Kxg8 34.d7 Kh7 35.d8=Q+ Kxh6
36.Qh4+ Kg6 37.Qh7+ Kg5 38.Qxc2 Rd5 39.Rg7+ Kf6 40.Qg6+ Ke5 41.Qxc6 Rd4 42.Rg5+ Kf4
43.Qf6+ Ke3 44.Rg3+ Ke2 45.Qxd4 Kf1 46.Qd1+ Kf2 47.Rf3+  1-0

[Event "IMA1"]
[Site "Marianske Lazne CZE"]
[Date "2005.01.23"]
[Round "2"]
[White "Vavra,P1"]
[Black "Hasangatin,R"]
[Result "1-0"]
[WhiteElo "2390"]
[BlackElo "2353"]

1.e4 e6 2.Nc3 c5 3.Nf3 a6 4.d4 cxd4 5.Nxd4 Nc6 6.Be3 Qc7 7.Bd3 Nf6 8.O-O Nxd4
9.Bxd4 Bc5 10.Bxc5 Qxc5 11.Qd2 d6 12.Na4 Qc6 13.Qa5 Nd7 14.Nc3 Qc5 15.Qxc5 Nxc5
16.Be2 Ke7 17.a4 a5 18.Bb5 b6 19.f3 Bb7 20.Nd1 Rhd8 21.Ne3 Rab8 22.Rfd1 g6
23.Rd4 Ba8 24.Rad1 h5 25.c3 Nb3 26.Rc4 d5 27.Rc7+ Kf8 28.exd5 exd5 29.Nc2 Rb7
30.Rxb7 Bxb7 31.Kf2 Rd6 32.h4 Ke7 33.Re1+ Re6 34.Rxe6+ fxe6 35.f4 Kf6 36.Ke3 e5
37.fxe5+ Kxe5 38.Be8 Kf6 39.Nd4 Nc5 40.Ne2 Ne6 41.g3 Ng7 42.Bb5 g5 43.Nd4 Ba8
44.b4 Bb7 45.bxa5 bxa5 46.hxg5+ Kxg5 47.Bd7 Ba6 48.Nb3 Nf5+ 49.Bxf5 Kxf5
50.Nxa5 Kg4 51.Kf2 Kf5 52.Nb3 Bb7 53.a5 Ke5 54.Nc5 Ba8 55.Ke3 Kd6 56.Kd4 Bc6
57.Nd3 Be8 58.Nb4  1-0

[Event "Zimski Winter Open"]
[Site "Belgrade SCG"]
[Date "2005.01.25"]
[Round "3"]
[White "Bozovic,V"]
[Black "Nestorovic,De"]
[Result "0-1"]
[WhiteElo "2186"]
[BlackElo "2402"]

1.e4 c5 2.Nf3 a6 3.Nc3 e6 4.d4 cxd4 5.Nxd4 Qc7 6.Bd3 d6 7.O-O g6 8.f4 Bg7
9.Be3 Nf6 10.e5 dxe5 11.Ndb5 axb5 12.Nxb5 Qe7 13.fxe5 Nd5 14.Nd6+ Qxd6 15.exd6 Nxe3
16.Bb5+ Nd7 17.Qf3 Nxf1 18.Rxf1 O-O 19.Rd1 Rxa2 20.Bxd7 Bxd7 21.Qxb7 Rd8
22.Qc7 Raa8 23.c3 Rac8 24.Qa7 e5 25.b4 e4 26.c4 Rxc4 27.Qc7 Rxc7 28.dxc7 Rc8
29.Rxd7 Bf8  0-1

[Event "Open"]
[Site "Geneva SUI"]
[Date "2005.01.29"]
[Round "8"]
[White "Maze,S"]
[Black "Markowski,T"]
[Result "1/2-1/2"]
[WhiteElo "2455"]
[BlackElo "2570"]

1.e4 c5 2.Nf3 e6 3.d4 cxd4 4.Nxd4 a6 5.Nc3 b5 6.Bd3 d6 7.O-O Nf6 8.Qe2 Be7
9.a4 b4 10.Na2 Qb6 11.Be3 Qb7 12.f3 O-O 13.Rfd1 e5 14.Nb3 Be6 15.Na5 Qc7
16.Nc4 Nc6 17.Nb6 Rab8 18.Nd5 Bxd5 19.exd5 Nxd5 20.Bxh7+ Kxh7 21.Rxd5 Qb7
22.Rd2 Kg8 23.c4 Na5 24.Rd5 Nb3 25.Rb1 Qc6 26.Qc2 Nd4 27.Qd3 Qxa4 28.Nc1 Ne6
29.Nb3 Qc6 30.Ra1 Rfc8 31.Nd2 Rd8 32.Qe4 Qc8 33.Rda5 Nc7 34.Qc6 Qb7 35.Qxb7 Rxb7
36.Kf2 f5 37.Ke2 Kf7 38.Nb3 g6 39.R5a4 Rh8 40.Na5 Rbb8 41.Nc6 Rb7 42.Na5 Rbb8
43.Nc6  1/2-1/2

[Event "13th Fajr Open"]
[Site "Tehran IRI"]
[Date "2005.01.29"]
[Round "4"]
[White "Mohammadi,H"]
[Black "Bistric,F"]
[Result "0-1"]
[WhiteElo "2313"]
[BlackElo "2454"]

1.e4 c5 2.Nf3 e6 3.Nc3 a6 4.d4 cxd4 5.Nxd4 Qc7 6.Bd3 Nf6 7.O-O Be7 8.Kh1 Nc6
9.Nxc6 bxc6 10.f4 d5 11.e5 Nd7 12.Na4 c5 13.c4 d4 14.Qe2 Bb7 15.b3 Qc6 16.Bd2 f5
17.exf6 gxf6 18.Qh5+ Kd8 19.Ba5+ Kc8 20.Rf3 Bd8 21.Bxd8 Kxd8 22.Re1 f5 23.Rg3 Kc7
24.Rg7 Rag8 25.Qf7 Rxg7 26.Qxg7 Rf8 27.Bf1 Qd6 28.Qxh7 Bc6 29.Qg6 Qxf4 30.Kg1 Rf6
31.Qg7 Qd6 32.Nb2 e5 33.b4 e4 34.b5 Bb7 35.a4 f4 36.a5 f3 37.b6+ Kb8 38.Rd1 e3
39.Nd3 e2 40.Bxe2 fxe2 41.Re1 Re6 42.Qg5 Bc8 43.Qg8 Re3  0-1

[Event "13th Fajr Open"]
[Site "Tehran IRI"]
[Date "2005.01.30"]
[Round "6"]
[White "Babaev,Ra"]
[Black "Simonian,H"]
[Result "1-0"]
[WhiteElo "2463"]
[BlackElo "2238"]

1.e4 c5 2.Nf3 e6 3.d4 cxd4 4.Nxd4 a6 5.Nc3 b5 6.Bd3 Bc5 7.Nb3 Be7 8.O-O Bb7
9.e5 Nc6 10.Re1 Qc7 11.Qe2 d6 12.exd6 Bxd6 13.h3 Nf6 14.Bg5 Nb4 15.Bxf6 Nxd3
16.cxd3 gxf6 17.Ne4 Be7 18.Rac1 Qf4 19.g3 Qe5 20.f4 Qd5 21.Kh2 f5 22.Rc7 fxe4
23.dxe4 Qd8 24.Rxb7 Qc8 25.Rb6 Qc7 26.Qe3 Bd8 27.Qd4 e5 28.Qd5 Qxb6 29.Qxe5+ Kd7
30.Rd1+ Kc8 31.Rc1+ Kb7 32.Nc5+ Ka7 33.Qxh8 Bf6 34.Qxh7 Qc7 35.e5 Rh8 36.Qf5 Be7
37.Qd7 Rc8 38.Qxc7+ Rxc7 39.Nb3  1-0

[Event "13th Fajr Open"]
[Site "Tehran IRI"]
[Date "2005.01.31"]
[Round "8"]
[White "Mallahi,A"]
[Black "Simonian,H"]
[Result "1-0"]
[WhiteElo "2420"]
[BlackElo "2238"]

1.e4 c5 2.Nf3 e6 3.d4 cxd4 4.Nxd4 a6 5.Nc3 b5 6.Bd3 Bc5 7.Nb3 Be7 8.Be3 Bb7
9.f4 Nf6 10.Qf3 d6 11.g4 b4 12.Ne2 d5 13.e5 Ne4 14.Ng3 Nxg3 15.hxg3 Qc7 16.Nd4 Nc6
17.O-O-O O-O-O 18.Qf2 Bc5 19.Nxc6 Bxe3+ 20.Qxe3 Qxc6 21.Qd4 a5 22.Rxh7 Rxh7
23.Bxh7 Qc4 24.b3 Qxd4 25.Rxd4 Rh8 26.Bd3 Rh3 27.f5 Rxg3 28.fxe6 fxe6 29.Rf4 g5
30.Rf6 Kd7 31.Be2 Re3 32.Bb5+ Bc6 33.Bxc6+ Kxc6 34.Rxe6+ Kc5 35.Kd2 Kd4 36.Ra6 Rg3
37.e6 Rg2+ 38.Kc1 Rxg4 39.Rxa5 Re4 40.Kd2 Rxe6 41.Rb5 Ke4 42.Rxb4+ Kf3 43.Rb8 Rd6
44.Rg8 g4 45.Rf8+  1-0

[Event "Oceania zt"]
[Site "Auckland NZL"]
[Date "2005.02.02"]
[Round "6"]
[White "Donaldson,B"]
[Black "Watson,B"]
[Result "1/2-1/2"]
[WhiteElo "2002"]
[BlackElo "2286"]

1.e4 c5 2.Nf3 e6 3.d4 cxd4 4.Nxd4 a6 5.Nc3 b5 6.Bd3 Qb6 7.Nb3 Qc7 8.O-O Bb7
9.Be3 Nf6 10.a3 d6 11.f4 Nbd7 12.Kh1 Be7 13.Qe1 Nc5 14.Nxc5 dxc5 15.e5 Nd5
16.Nxd5 Bxd5 17.Qg3 g6 18.Be2 O-O 19.Rad1 Rfd8 20.Rd2 c4 21.c3 Qc6 22.Rfd1 Be4
23.Bd4 Rd7 24.Qf2 Rad8 25.Bf1 a5 26.Kg1 b4 27.axb4 axb4 28.Ra1 bxc3 29.bxc3 Rxd4
30.Rxd4 Rxd4 31.cxd4 c3 32.Qe3 c2 33.Rc1 Qb7 34.Bd3 Bxg2 35.Rxc2 Bd5 36.Bf1 Qb1
37.Qc1 Qb4 38.Qd2 Qb1 39.Qd3 Qe1 40.Qd2 Qh4 41.Qf2 Qg4+ 42.Qg3 Qd1 43.Qf2 Qg4+  1/2-1/2

[Event "10th HIT Open A"]
[Site "Nova Gorica SLO"]
[Date "2005.02.03"]
[Round "9"]
[White "Miletic,De"]
[Black "Muzychuk,A"]
[Result "1/2-1/2"]
[WhiteElo "2134"]
[BlackElo "2387"]

1.e4 c5 2.Nf3 e6 3.d4 cxd4 4.Nxd4 a6 5.Nc3 b5 6.Bd3 Bb7 7.O-O d6 8.Be3 Nf6
9.a3 Nbd7 10.f4 Rc8 11.Kh1 Be7 12.Qf3 O-O 13.Rae1 g6 14.Qh3 Nc5 15.e5 Nd5
16.Nxd5 Bxd5 17.Be2 Qd7 18.Bf3 Bxf3 19.Qxf3 d5 20.Rd1 Ne4 21.c3 Rc4 22.Nb3 f5
23.exf6 Bxf6 24.Nd2 Nxd2 25.Rxd2 a5 26.Rfd1 Qc7 27.g3 b4 28.axb4 axb4 29.Bd4 Bxd4
30.Rxd4 Rxd4 31.Rxd4 bxc3 32.Qxc3 Qa7 33.Rd2 Qa6 34.Qd3 Qa1+ 35.Kg2 g5 36.Qe2 gxf4
37.Qxe6+ Rf7 38.Qe8+ Rf8 39.Qe6+ Rf7 40.gxf4 d4 41.Qe8+ Rf8 42.Qe6+ Rf7 43.Qe8+ Kg7
44.Qe5+ Kg8 45.Qe8+  1/2-1/2

[Event "XII TCh-RUS 1st League"]
[Site "Smolensk RUS"]
[Date "2005.02.03"]
[Round "1"]
[White "Kornilovich,D"]
[Black "Zarubin,P"]
[Result "0-1"]
[WhiteElo "2166"]
[BlackElo "2438"]

1.e4 c5 2.Nf3 e6 3.d4 cxd4 4.Nxd4 a6 5.Nc3 d6 6.Be3 Be7 7.a4 b6 8.a5 b5 9.Ndxb5 axb5
10.Bb6 Qd7 11.Bxb5 Nc6 12.Qe2 Bf6 13.Na4 Nge7 14.O-O O-O 15.Rfd1 Qb7 16.a6 Qb8
17.Be3 d5 18.exd5 exd5 19.Bc5 Bg4 20.f3 Be6 21.Bxc6 Nxc6 22.Bxf8 Kxf8 23.Kh1 Qa7
24.Nc3 Nb4 25.Ra5 Qc7 26.Rda1 d4 27.Nb5 Qc6 28.Qd2 Nxc2 29.Rc1 Bb3 30.Na3 d3
31.Qxd3 Bxb2 32.Rxc2 Bxc2 33.Nxc2 Bf6 34.h3 g6 35.a7 Qb6 36.Qa3+ Kg7 37.Nb4 Bd4
38.Ra6 Qb5  0-1

[Event "5th It"]
[Site "Pulvermuehle GER"]
[Date "2005.02.09"]
[Round "7"]
[White "Bindrich,F"]
[Black "Heinz,A"]
[Result "1/2-1/2"]
[WhiteElo "2326"]
[BlackElo "2317"]

1.e4 c5 2.Nf3 e6 3.Nc3 a6 4.d4 cxd4 5.Nxd4 b5 6.Bd3 Qb6 7.Nb3 Qc7 8.O-O Nf6
9.Qe2 Bb7 10.f4 b4 11.Nd1 d5 12.e5 Nfd7 13.Be3 Nc6 14.Rc1 Be7 15.c3 O-O 16.cxb4 Bxb4
17.Nc3 Rfc8 18.Na4 a5 19.Rc2 Qd8 20.Rfc1 Bf8 21.a3 Rab8 22.Rc3 g6 23.Qf2 Ne7
24.Nd4 Rxc3 25.Rxc3 Rc8 26.Qc2 Bh6 27.Rxc8 Nxc8 28.Qc1 Ncb6 29.Nxb6 Nxb6
30.b3 Nd7 31.g3 Bf8 32.Nb5 d4 33.Bxd4 Nc5 34.Bc4 Qd7 35.Qe3 Qc6 36.Kf2 Qg2+
37.Ke1 Ne4 38.Nd6 Nxd6 39.exd6 Bxd6 40.Bxe6 Bxa3 41.Bc4 Bb4+ 42.Kd1 Bf3+
43.Kc1 Be4 44.Be2 h5  1/2-1/2

[Event "5th It"]
[Site "Pulvermuehle GER"]
[Date "2005.02.11"]
[Round "9"]
[White "Baramidze,D"]
[Black "Heinz,A"]
[Result "1/2-1/2"]
[WhiteElo "2550"]
[BlackElo "2317"]

1.e4 c5 2.Nf3 e6 3.d4 cxd4 4.Nxd4 a6 5.Nc3 b5 6.Bd3 Qc7 7.O-O Nf6 8.Qe2 Bb7
9.Kh1 Nc6 10.Nxc6 Bxc6 11.Bd2 Qb7 12.Rae1 b4 13.Nd1 h5 14.f3 h4 15.Nf2 Nh5
16.Nh3 Be7 17.f4 g6 18.c4 Bf6 19.Bc1 a5 20.b3 a4 21.Bb2 axb3 22.Bxf6 Nxf6
23.axb3 Ra3 24.Qb2 Ke7 25.Re2 Rha8 26.e5 Ng4 27.Bb1 Qb6 28.Rfe1 Ke8 29.Ng5 Qc5
30.h3 Nh6 31.Be4 Nf5 32.Bxc6 Qxc6 33.Kh2 R8a7 34.Ne4 Kf8 35.Rd2 Qa8 36.Qc2 Ra2
37.Qd3 Rxd2 38.Qxd2 Qb8 39.Rd1 Kg7 40.Nd6 Nxd6 41.exd6 f6 42.c5 Qb7 43.Rc1 Qc6
44.Rc2 Ra1 45.Rc4 Rb1 46.Qc2 Re1 47.Rxb4 Qa6 48.Re4 Rf1 49.Ra4 Qb7  1/2-1/2

[Event "Open"]
[Site "Bermuda BER"]
[Date "2005.02.12"]
[Round "4"]
[White "Strenzwilk,D"]
[Black "Beckwith,P"]
[Result "1/2-1/2"]
[WhiteElo "2110"]
[BlackElo "2179"]

1.e4 c5 2.Nf3 e6 3.d4 cxd4 4.Nxd4 a6 5.Nc3 Qc7 6.Be2 Nf6 7.O-O Bb4 8.Qd3 Nc6
9.Nxc6 bxc6 10.Be3 d5 11.exd5 cxd5 12.Nb5 Qd7 13.Qd4 Be7 14.Nc3 O-O 15.f4 Rb8
16.Nd1 Ne4 17.c3 Bb7 18.Bf3 Nd6 19.Qd2 Nc4 20.Qe2 Nxe3 21.Qxe3 Rfc8 22.Kh1 a5
23.Qd2 a4 24.a3 Bd6 25.Nf2 Qc7 26.Nd3 Ba6 27.Be2 f6 28.Nb4 Bb7 29.Bb5 d4
30.Bxa4 dxc3  1/2-1/2

[Event "FSIMB February"]
[Site "Budapest HUN"]
[Date "2005.02.13"]
[Round "9"]
[White "Nagy,Ben"]
[Black "Schneider,Ve"]
[Result "1/2-1/2"]
[WhiteElo "2349"]
[BlackElo "2266"]

1.e4 c5 2.Nf3 e6 3.d4 cxd4 4.Nxd4 a6 5.Nc3 Qc7 6.g3 Nf6 7.Bg2 d6 8.O-O Be7
9.h3 O-O 10.Nde2 Nc6 11.a3 b6 12.g4 h6 13.g5 hxg5 14.Bxg5 Bb7 15.Ng3 Nh7
16.Bc1  1/2-1/2

[Event "21st Open"]
[Site "Cappelle la Grande FRA"]
[Date "2005.02.14"]
[Round "3"]
[White "Le Corre,B"]
[Black "Genov,Peta"]
[Result "0-1"]
[WhiteElo "2150"]
[BlackElo "2470"]

1.e4 c5 2.Nf3 e6 3.d4 cxd4 4.Nxd4 a6 5.Nc3 Qc7 6.g3 Bb4 7.Ne2 Nf6 8.Bg2 Be7
9.O-O Nc6 10.Nf4 O-O 11.Nd3 d6 12.f4 b5 13.a3 Rd8 14.g4 d5 15.e5 Nd7 16.Ne2 a5
17.Be3 Ba6 18.Nd4 b4 19.Nxc6 Qxc6 20.axb4 axb4 21.Rf2 Bb5 22.Rc1 Rdc8 23.f5 b3
24.cxb3 Qa6 25.fxe6 fxe6 26.Rxc8+ Rxc8 27.Nf4 Nf8 28.Rc2 Rxc2 29.Qxc2 Qa1+
30.Kf2 Bh4+ 31.Kf3 Qa6 32.Bf2 Bg5 33.Bd4 Bf1 34.Qf2 Bxg2+ 35.Kxg2 h6 36.Nh5 Qd3
37.h4 Bxh4 38.Qxh4 Qxd4 39.Qg3 Qxb2+ 40.Kh3 Ng6 41.g5 Qe2  0-1

[Event "Mayor de Chile"]
[Site "Santiago CHI"]
[Date "2005.02.14"]
[Round "1"]
[White "Sepulveda,Jor"]
[Black "Flores,Mau"]
[Result "1-0"]
[WhiteElo "2270"]
[BlackElo "2067"]

1.e4 c5 2.Nf3 e6 3.d4 cxd4 4.Nxd4 a6 5.Nc3 b5 6.Bd3 Qb6 7.Nce2 Bc5 8.c3 Nc6
9.Be3 Nf6 10.b4 Bxd4 11.Nxd4 Ne5 12.O-O Nxd3 13.Nf5 Qc7 14.Nxg7+ Ke7 15.Bg5 Rg8
16.Bxf6+ Kxf6 17.Nh5+ Ke7 18.Qxd3 Bb7 19.Rad1 Bc6 20.Qd4 Rg6 21.Rd2 Rag8
22.f4 Rh6 23.Ng3 f6 24.e5 f5 25.Qc5+ Kf7 26.Rfd1 Qb7 27.Rd6 Rhg6 28.R1d2 h5
29.Ne4 fxe4 30.f5 exf5 31.e6+ Rxe6 32.Qxf5+ Kg7 33.Qg5+ Kf8 34.Rf2+  1-0

[Event "Mayor de Chile"]
[Site "Santiago CHI"]
[Date "2005.02.16"]
[Round "3"]
[White "Perez Molina,R"]
[Black "Magas,R"]
[Result "1-0"]
[WhiteElo "2350"]
[BlackElo "2136"]

1.e4 c5 2.Nf3 e6 3.d4 cxd4 4.Nxd4 a6 5.Nc3 Nc6 6.Nb3 b5 7.f4 Bb7 8.Be3 d6
9.Be2 Nf6 10.Bf3 Qc7 11.O-O Be7 12.Qe2 O-O 13.g4 Rfc8 14.Qg2 Na5 15.Nxa5 Qxa5
16.e5 Bxf3 17.Qxf3 Nd7 18.exd6 Bxd6 19.Ne4 Be7 20.f5 Rf8 21.g5 exf5 22.Qxf5 Qc7
23.Rad1 Rad8 24.Bd4 Qc6 25.h4 Qe6 26.Qf4 f5 27.Nc3 Bd6 28.Qf2 f4 29.Qg2 Kh8
30.Nd5 Rf5 31.Rfe1 Qf7 32.Qf3 Nc5 33.Kg2 Ne6 34.Bb6 Rf8 35.Nc3 Bb8 36.Ne4 h6
37.Nd6 Bxd6 38.Rxd6 Nxg5 39.hxg5 Rxg5+ 40.Kf2 Qf5 41.Qe4 Qh3 42.Rh1 Qg3+
43.Kf1 h5 44.Bd4 f3 45.Rh6+ Kg8 46.Qe6+ Rf7 47.Rg1 Qf4 48.Rxg5 Qxg5 49.Qe8+ Rf8
50.Rh8+ Kxh8 51.Qxf8+ Kh7 52.Qxf3 Qc1+ 53.Kg2 Qxc2+ 54.Kh3 Qc8+ 55.Kg3 Qc7+
56.Qf4 Qe7 57.Qf5+ g6 58.Qe5 Qxe5+ 59.Bxe5 g5 60.a3 Kg6 61.Bc7 Kf5 62.Kf3 h4
63.Bd8 g4+ 64.Ke3 h3 65.Bc7 Kg5 66.Bg3 Kf5 67.b4 Kg5 68.Ke4 Kf6  1-0

[Event "Aeroflot Open B"]
[Site "Moscow RUS"]
[Date "2005.02.17"]
[Round "3"]
[White "Perez Candelario,Man"]
[Black "Iljushin,A"]
[Result "1/2-1/2"]
[WhiteElo "2483"]
[BlackElo "2530"]

1.e4 c5 2.Nf3 e6 3.d4 cxd4 4.Nxd4 a6 5.Nc3 b5 6.Bd3 Qb6 7.Nf3 Qc7 8.O-O Bb7
9.Re1 b4 10.Ne2 Nf6 11.Bf4 Qb6 12.Be3 Bc5 13.Bxc5 Qxc5 14.Ng3 d6 15.e5 dxe5
16.Nxe5 Nc6 17.Ng4 Nd5 18.Qd2 O-O-O 19.a3 h5 20.Ne3 Nf4 21.axb4 Nxb4 22.Ra4 Rd4
23.Qc3 Qxc3 24.bxc3 Nbxd3 25.Rxd4 Nxe1 26.Rxf4 h4 27.Ne4 Bxe4 28.Rxe4 h3
29.Rf4 f5 30.gxh3 g5 31.Rc4+ Kd7 32.Ra4 Rxh3 33.Kf1 Nf3 34.Kg2 Rh4 35.Rxa6 g4
36.c4 Rxh2+ 37.Kg3 Rh3+ 38.Kf4 Nd4 39.Ra7+ Kd6 40.Ra6+ Kd7 41.Ra7+ Kd6 42.Ra6+ Ke7
43.c3 Nf3 44.c5 Rh2 45.Kg3 Rh1 46.c6 Rc1 47.c4 Rh1 48.Kf4 Rh5 49.c7 Rh8 50.Nxf5+ exf5
51.Kxf5 Kd7 52.Kxg4 Ne5+ 53.Kg3 Nxc4 54.Ra7 Rc8 55.f4 Nd6 56.Kg4 Nb5 57.Ra1 Rg8+
58.Kf3 Nxc7 59.Re1 Ne6 60.f5 Nc7  1/2-1/2

[Event "GM"]
[Site "Nancy FRA"]
[Date "2005.02.17"]
[Round "6"]
[White "Nijboer,F"]
[Black "Marzolo,C"]
[Result "1-0"]
[WhiteElo "2549"]
[BlackElo "2428"]

1.e4 c5 2.Nf3 e6 3.Nc3 a6 4.d4 cxd4 5.Nxd4 b5 6.Bd3 Qb6 7.Nb3 Qc7 8.O-O Bb7
9.Qe2 Nf6 10.f4 b4 11.Nd1 d6 12.Nf2 Nc6 13.Bd2 a5 14.c3 bxc3 15.Bxc3 Qb6
16.Bb5 a4 17.Nd4 Ba6 18.Rac1 Bxb5 19.Qxb5 Qxb5 20.Nxb5 Kd7 21.Rfd1 Rb8 22.Nd4 Nb4
23.Bxb4 Rxb4 24.Nc6 Rb7 25.Rc4 d5 26.Ne5+ Kd8 27.Rxa4 Bc5 28.Ra8+ Ke7 29.Rxh8  1-0

[Event "Aeroflot Open B"]
[Site "Moscow RUS"]
[Date "2005.02.19"]
[Round "5"]
[White "Yegiazarian,A"]
[Black "Iljushin,A"]
[Result "1/2-1/2"]
[WhiteElo "2510"]
[BlackElo "2530"]

1.e4 c5 2.Nf3 e6 3.d4 cxd4 4.Nxd4 a6 5.Nc3 b5 6.Bd3 Qb6 7.Nf3 Qc7 8.O-O Bb7
9.Re1 b4 10.Na4 Nf6 11.c4 Nc6 12.Be3 Bd6 13.Nb6 Rd8 14.c5 Be7 15.h3 d6 16.cxd6 Qxd6
17.Bc2 O-O 18.Qxd6 Bxd6 19.Rad1 Bc7 20.Bc5 Rxd1 21.Rxd1 Rd8 22.Rxd8+ Nxd8
23.Nd2 a5 24.f3 Bc6 25.Nbc4 Nb7 26.Bb6 Bxb6+ 27.Nxb6 Nd7 28.Nxd7 Bxd7 29.Kf2 e5
30.Ke3 Kf8 31.Bb3 Nc5 32.Bd5 Bb5 33.Bc4 Bd7 34.Bd5 Bb5 35.g3 Ke7 36.f4 f6
37.Kf3 Kf8  1/2-1/2

[Event "III Festival Olimpico"]
[Site "Salinas ECU"]
[Date "2005.02.20"]
[Round "6"]
[White "Lopez Velez,M"]
[Black "Hellsten,J"]
[Result "0-1"]
[WhiteElo "2331"]
[BlackElo "2554"]

1.e4 c5 2.Nf3 e6 3.d4 cxd4 4.Nxd4 a6 5.Nc3 b5 6.a3 Bb7 7.Bd3 Bc5 8.Nb3 Be7
9.O-O d6 10.Be3 Nd7 11.f4 Ngf6 12.Qe2 Rc8 13.g4 g6 14.g5 Nh5 15.Qg4 O-O 16.Rf3 Ng7
17.Rh3 f5 18.gxf6 Nxf6 19.Qe2 d5 20.e5 Nfh5 21.Qg4 d4 22.Rxh5 gxh5  0-1

[Event "Mayor de Chile"]
[Site "Santiago CHI"]
[Date "2005.02.24"]
[Round "11"]
[White "Sepulveda,Jor"]
[Black "Arancibia,E"]
[Result "0-1"]
[WhiteElo "2270"]
[BlackElo "2364"]

1.e4 c5 2.Nf3 e6 3.d4 cxd4 4.Nxd4 a6 5.Nc3 Qc7 6.Bd3 Nf6 7.O-O Bd6 8.h3 Nc6
9.Be3 Nxd4 10.Bxd4 Bc5 11.Bxc5 Qxc5 12.Na4 Qc6 13.c4 d6 14.Rc1 b6 15.Bc2 O-O
16.Qd4 Rb8 17.b4 e5 18.Qd3 Be6 19.Nb2 a5 20.a3 axb4 21.axb4 Rfc8 22.Bb1 g6
23.Qf3 Kg7 24.Bd3 Nh5 25.Rfe1 f5 26.b5 Qb7 27.Qd1 Nf4 28.Bf1 fxe4 29.Qxd6 Kf6
30.g3 Rd8 31.Qc6 Nd3 32.Nxd3 exd3 33.Rxe5 Qxc6 34.bxc6 Kxe5 35.c7 d2 36.Rd1 Rbc8
37.cxd8=Q Rxd8 38.f3 Bf5 39.Kf2 Bc2 40.Ke2 Bxd1+ 41.Kxd1 g5 42.Be2 h5  0-1

[Event "12th Metalis Open"]
[Site "Bizovac CRO"]
[Date "2005.02.26"]
[Round "6"]
[White "Saric,Iv"]
[Black "Sax,G"]
[Result "0-1"]
[WhiteElo "2273"]
[BlackElo "2566"]

1.e4 c5 2.Nf3 e6 3.d4 cxd4 4.Nxd4 a6 5.Nc3 Qc7 6.Be2 Bb4 7.Qd3 Nf6 8.O-O Nc6
9.Nxc6 bxc6 10.Bg5 Be7 11.Kh1 d5 12.f4 Qd8 13.Rad1 O-O 14.Qg3 Ne8 15.Bxe7 Qxe7
16.exd5 exd5 17.Rfe1 Qb4 18.b3 Nf6 19.Na4 Bf5 20.c4 Bc2 21.Rc1 Be4 22.cxd5 cxd5
23.Nc5 a5 24.Bd3 Bxd3 25.Nxd3 Qd2 26.Ra1 Ne4 27.Qe3 Qxd3  0-1

[Event "XI Anibal Open"]
[Site "Linares ESP"]
[Date "2005.03.03"]
[Round "8"]
[White "Braslavskij,A"]
[Black "Barria,D"]
[Result "0-1"]
[WhiteElo "2296"]
[BlackElo "2349"]

1.e4 c5 2.Nf3 e6 3.d4 cxd4 4.Nxd4 a6 5.Nc3 Qc7 6.Be3 Nf6 7.Bd3 b5 8.f4 Bb7
9.O-O d6 10.a3 Nbd7 11.f5 e5 12.Nb3 Be7 13.Qe2 h6 14.Nd2 O-O 15.Rae1 Rfe8
16.Kh1 Rac8 17.Qf3 Bf8 18.g4 d5 19.exd5 b4 20.Nce4 Nxd5 21.a4 Nf4 22.Bc4 Nc5
23.Bxc5 Bxc5 24.h3 Rcd8 25.Bd3 Be7 26.Rd1  0-1

[Event "Sozina Open"]
[Site "Bar SCG"]
[Date "2005.03.04"]
[Round "1"]
[White "Jakic,V"]
[Black "Nestorovic,De"]
[Result "0-1"]
[WhiteElo "2064"]
[BlackElo "2402"]

1.e4 c5 2.Nf3 e6 3.d4 cxd4 4.Nxd4 a6 5.Nc3 Qc7 6.g3 Bb4 7.Bd2 Nf6 8.Bg2 d6
9.O-O Bc5 10.Nb3 Ba7 11.a4 Nbd7 12.Qe2 Ne5 13.a5 Bd7 14.Ra2 Rc8 15.h3 h5
16.Rd1 Nc4 17.Bc1 Ke7 18.Bf4 Ne8 19.Nd4 Kf8 20.Be3 Nxa5 21.Ndb5 axb5 22.Bxa7 b4
23.Nb5 Qc4 24.Qe3 Qxa2 25.Qb6 Bxb5 26.Qxb5 Nc4 27.Bb6 Qa6  0-1